| 000 | 00521nam a2200169 i 4500 | ||
|---|---|---|---|
| 001 | 51629 | ||
| 003 | ES-MaACL | ||
| 005 | 20230906162410.0 | ||
| 007 | t| | ||
| 008 | 030814s1969 sp ||||1| spa d | ||
| 100 | 1 |
_aD'Amico, Franco. _942344 |
|
| 245 | 1 | 0 |
_aCómo ser un buen vendedor _b: manual practico del representante / _cpor Franco D'Amico. |
| 260 |
_aMadrid : _bIbérico Europea, _c[1969] |
||
| 300 |
_a70 p. ; _c21 cm. |
||
| 700 | 1 |
_aMartínez de la Hidalga, Julio. _977999 |
|
| 852 |
_aES-MaACL _jC-49996 _bR.68807 |
||
| 999 |
_c51629 _d51629 |
||